Central Library OPAC University of Rajshahi

Palladius On husbondrie / (Record no. 77892)

MARC details
000 -LEADER
fixed length control field 03010nam a2200697 a 4500
001 - CONTROL NUMBER
control field 77892
003 - CONTROL NUMBER IDENTIFIER
rucl marc code UkOxU
005 - DATE AND TIME OF LATEST TRANSACTION
control field 20211209083047.0
008 - FIXED-LENGTH DATA ELEMENTS--GENERAL INFORMATION
fixed length control field 880808m18731879enk 001 0 enm
035 ## - SYSTEM CONTROL NUMBER
System control number 12-16996
System control number (OCoLC)374726
040 ## - CATALOGING SOURCE
Original cataloging agency DLC
Transcribing agency WSU
Modifying agency m.c
-- SER
-- EQO
Language of cataloging eng
041 1# - LANGUAGE CODE
Language code of text/sound track or separate title enm
Language code of original eng
082 ## - DEWEY DECIMAL CLASSIFICATION NUMBER
Edition number 22
Classification number 821.1 PAL 1973
092 ## - LOCALLY ASSIGNED DEWEY CALL NUMBER (OCLC)
Classification number D0400268491
100 1# - MAIN ENTRY--PERSONAL NAME
Personal name Palladius, Rutilius Taurus Aemilianus.
9 (RLIN) 244508
245 10 - TITLE STATEMENT
Title Palladius On husbondrie /
Statement of responsibility, etc. edited from the unique ms. of about 1420 A.D. in Colchester Castle, by the Rev. Barton Lodge ; with a ryme index edited by Sidney J. H. Herrtage.
260 ## - PUBLICATION, DISTRIBUTION, ETC. (IMPRINT)
Place of publication, distribution, etc. London :
Name of publisher, distributor, etc. Published for the Early English Text Society, by N. Trübner & Co,
Date of publication, distribution, etc. 1873-1879.
300 ## - PHYSICAL DESCRIPTION
Pagination xxxvi p., 387 p. ;
Size 22 cm.
490 1# - SERIES STATEMENT
Series statement Original Series / Early English Text Society ;
Volume/sequential designation n. 25. 72
500 ## - GENERAL NOTE
General note Issued in 2 parts. Temporary t.-p. to pt. I retained in this copy.
General note A translation into English verse.
650 #0 - SUBJECT ADDED ENTRY--TOPICAL TERM
Topical term or geographic name as entry element Agriculture
Form subdivision Early works to 1800.
9 (RLIN) 244509
700 1# - ADDED ENTRY--PERSONAL NAME
Personal name Lodge, Barton.
Personal name Herrtage, Sidney J. H.
Fuller form of name (Sidney John Hervon)
830 #0 - SERIES ADDED ENTRY--UNIFORM TITLE
Uniform title Early English Text Society (Series).
Volume number/sequential designation no. 52 &c.
856 41 - ELECTRONIC LOCATION AND ACCESS
Materials specified English Faculty Library E90.52 Pt.1/2
Uniform Resource Identifier <a href="http://purl.ox.ac.uk/uuid/af5a99f4b8c341f7b99bf0731801810f">http://purl.ox.ac.uk/uuid/af5a99f4b8c341f7b99bf0731801810f</a>
Materials specified English Faculty Library E90.72 Pt.2
Uniform Resource Identifier <a href="http://purl.ox.ac.uk/uuid/d12d49634f5e41dab300f93dd01eb4cc">http://purl.ox.ac.uk/uuid/d12d49634f5e41dab300f93dd01eb4cc</a>
Materials specified Taylor Institution Library EETS.52
Uniform Resource Identifier <a href="http://purl.ox.ac.uk/uuid/6acf7495514a4f3b9aea5b52bfd6fe4e">http://purl.ox.ac.uk/uuid/6acf7495514a4f3b9aea5b52bfd6fe4e</a>
942 ## - ADDED ENTRY ELEMENTS (KOHA)
Source of classification or shelving scheme Dewey Decimal Classification
Koha item type Books
Holdings
Lost status Source of classification or shelving scheme Damaged status Not for loan Permanent Location Current Location Shelving location Date acquired Total Checkouts Full call number Date last seen Copy number Koha item type
  Dewey Decimal Classification   Not For Loan Central Library, University of Rajshahi Central Library, University of Rajshahi Rare Book Section 07/02/2021   RA 821.1 PAL 1973 07/02/2021 C-1 Books